| 000 | 00646nam a2200241Ia 4500 | ||
|---|---|---|---|
| 001 | 16190 | ||
| 003 | GE_BSU | ||
| 008 | 181216s||||||||xx |||||||||||||| ||und|| | ||
| 020 | _a9780521702713 | ||
| 040 | _cGE_BSU | ||
| 080 | _a575+519.15+636 | ||
| 100 | _aFrankham,Richard. Ballou,Jonathan D. Briscoe, David A. | ||
| 245 | _aIntroduction to Conservation Genetics | ||
| 250 | _asecond edition | ||
| 260 | _aCambridge | ||
| 260 | _bCambridge university Press | ||
| 260 | _c2013 | ||
| 300 | _a618p.ill.24cm. | ||
| 541 | _h196Gel. | ||
| 653 | _aIntroduction to Conservation Genetics | ||
| 653 | _aგენეტიკა | ||
| 942 | _cBK | ||
| 999 |
_c49274 _d49274 |
||